African International Relation: (Record no. 200935)

MARC details
000 -LEADER
fixed length control field 00733nam a22002177a 4500
005 - DATE AND TIME OF LATEST TRANSACTION
control field 20240220152326.0
010 ## - LCCN (DPL NO)
LC control number ENG-139381
020 ## - INTERNATIONAL STANDARD BOOK NUMBER
Terms of availability 949.00
International Standard Book Number 9789390746415
035 ## - SYSTEM CONTROL NUMBER
System control number EN-122913
037 ## - SOURCE OF ACQUISITION
Source of stock number/acquisition DBAD/PUB
082 ## - DEWEY DECIMAL CLASSIFICATION NUMBER
Classification number 327.096
Edition number 1
245 ## - TITLE STATEMENT
Title African International Relation:
Remainder of title Thematic Analysis/
Statement of responsibility, etc By Kenneth K Oluoch; Michael Mawa and Thomas Otieno Juma
250 ## - EDITION STATEMENT
Edition statement 1
260 ## - PUBLICATION, DISTRIBUTION, ETC. (IMPRINT)
Place of publication, distribution, etc Belgharia
Name of publisher, distributor, etc Exceller Books
Date of publication, distribution, etc 202
270 ## - ADDRESS
Address G1,Dream Apartment,Degree College Road
City Kolkata
Postal code 700056
300 ## - PHYSICAL DESCRIPTION
Extent 252p.
Dimensions 21cm(pb)
700 ## - ADDED ENTRY--PERSONAL NAME
Personal name Mawa, Michael
Relator term Author
9 (RLIN) 62305
700 ## - ADDED ENTRY--PERSONAL NAME
Personal name Oluoch, Kenneth K
Relator term Author
9 (RLIN) 62306
700 ## - ADDED ENTRY--PERSONAL NAME
Personal name Juma, Thomas Otieno
Relator term Author
9 (RLIN) 62307
942 ## - ADDED ENTRY ELEMENTS (KOHA)
Source of classification or shelving scheme Dewey Decimal Classification
Item type English Books
Classification part 327.096
Call number suffix AFR
Edition 1
Holdings
Withdrawn status Lost status Not for loan Collection code Home library Current library Date acquired Source of acquisition Cost, normal purchase price Full call number Barcode Copy number Cost, replacement price Koha item type
      Non-fiction Bawana Bawana 20/02/2024 DBAD 949.00 327.096 AFR EN-122913 1 949.00 English Books

© Delhi Public Library
Hit Counter
free hit counter